01462nam a2200361 a 4500001001000000003000500010005001700015008004100032010001100073011001100084040000900095090001000104100004800114245013400162260004100296500006000337502008100397590004100478590004000519590004000559590004000599650003500639650002100674650002800695650002200723856007000745901000700815942001000822942000600832999001900838952011900857952012400976000109608CHAP20220329144056.0140514s2014 mx sm |||||||spa d a106070 a107042 cCHAP aTesis1 aPérez Martínez, Eliseo Fabián912686810aCalibración de sensores de humedad en dos sustratos : perlita y tezontleh[En línea]cpor Pérez Martínez Eliseo Fabián. aChapingo, Méx. :bEl autor,c2014. aPara ver el contenido del material haga clic en la liga aTesis (Ing. Agr. Esp. en Irrigación) -- UACH. Departamento de Irrigación aBATCH-UPDb05c20141002lUCH01h0903 aE5765TAJb05c20140514lUCH01h0859 aE5765TAJb05c20140514lUCH01h0859 aE5765TAJb05c20140515lUCH01h0945 aHumedadxCalibración9126867 aSensores9104426 aSuelosxHumedad9110391 aSustratos9110789 aFinding aiduhttp://10.13.5.2/tesis/sist109608.pdfzTeclea aquí aBK cTESIS n0 c106070d106070 00102local40718TESISaBCbBCd2014-05-14fTESISl0oTesisp33724002406248r2019-12-31 00:00:00w2014-05-14yCD 00102local40718TESISaBCbBCd2014-05-14fTESISl0oTesisp33724002406280r2019-12-31 00:00:00tc.2w2014-05-14yCD